Statistics for Biblical Names Still Popular Today

Click here to take the quiz!

General Stats

  • This quiz has been taken 43,944 times
    (16,394 since last reset)
  • The average score is 18 of 34

Answer Stats

Rank
ClueName% Correct
2Ark builderNoah
98%
40
King, giant-slayer, lyre playerDavid
85%
39
Ate locusts and honeyJohn
84%
37
Had a coat of many colorsJoseph
79%
14An archangelMichael
78%
43
Gospel authorMatthew
77%
47
Gospel authorLuke
76%
97
High Priest of Shiloh, punished for his son's bad behavior
Eli
74%
58
Another archangelGabriel
74%
24
Spent a night in the lion's denDaniel
73%
25
Patriarch of the 12 tribes of IsraelJacob
65%
67
Doubted Jesus's woundsThomas
64%
59
Son of Abraham who God demanded as a sacrifice (before recanting)Isaac
63%
12
Brother of JesusJames
63%
7Prophet who raised the deadElijah
58%
105
Moses's brother and spokesmanAaron
56%
13
Youngest son of IsraelBenjamin
56%
82
Made the walls of Jericho tumbleJoshua
54%
35
Last of the judges, first of the major prophetsSamuel
51%
79
Predicted the coming of JesusIsaiah
48%
80
First disciple of JesusAndrew
44%
123
Prophet who predicted doom and gloomJeremiah
40%
54
Mother of the locusts and honey eaterElizabeth
37%
26
Patriarch whose tribe became priestsLevi
37%
109Barren woman who prayed for a son and got oneHannah
36%
106Bible book author who prophesized the destruction of Jerusalem
Ezekiel
35%
145
Ruth's mother in lawNaomi
34%
85
Prophet who helped Solomon become kingNathan
34%
124
Wife of the patriarch of the 12 tribesLeah
30%
114
Son of Saul; Friend of the giant-slayerJonathan
26%
57Led Israelites back to Jerusalem from BabylonEzra
23%
45
Wife of Nabal. Married the giant slayer after God struck Nabal dead.Abigail
19%
78
King of Judah after AmonJosiah
19%
48Founder of one of the 12 tribesAsher
14%

Score Distribution

Percentile by Number Answered

Percent of People with Each Score

Your Score History

You have not taken this quiz since the last reset